<?xml version="1.0" encoding="utf-8"?>
<?xml-stylesheet type='text/xsl' href='./oai2.xsl'?>
<OAI-PMH xmlns="http://www.openarchives.org/OAI/2.0/" xmlns:xsi="http://www.w3.org/2001/XMLSchema-instance" xsi:schemaLocation="http://www.openarchives.org/OAI/2.0/ http://www.openarchives.org/OAI/2.0/OAI-PMH.xsd">
  <responseDate>2026-06-06T20:07:28Z</responseDate>
  <request verb="GetRecord" metadataPrefix="marcxml" identifier="record_kuniweb_162148">https://kulturerbe.niedersachsen.de/oai</request>
  <GetRecord>
    <record>
      <header>
        <identifier>record_kuniweb_162148</identifier>
        <datestamp>2025-08-28T09:38:22Z</datestamp>
        <setSpec>slg0137</setSpec>
      </header>
      <metadata>
        <marc:record xmlns:marc="http://www.loc.gov/MARC21/slim" xsi:schemaLocation="http://www.loc.gov/MARC21/slim http://www.loc.gov/standards/marcxml/schema/MARC21slim.xsd">
          <marc:leader>12345nkm  22     uu 4500</marc:leader>
          <marc:controlfield tag="001">162148</marc:controlfield>
          <marc:controlfield tag="003">http://kuniweb.gbv.de</marc:controlfield>
          <marc:controlfield tag="005">2018-11-24T16:08:32</marc:controlfield>
          <marc:controlfield tag="008">|           ||||||||||||||||||||||</marc:controlfield>
          <marc:datafield tag="245" ind1="1" ind2="0">
            <marc:subfield code="a">Vollgatter für Stämme bis 500 mm (Stamm-) Durchmesser, 1903</marc:subfield>
          </marc:datafield>
          <marc:datafield tag="655" ind1=" " ind2="7">
            <marc:subfield code="a">Grafik</marc:subfield>
          </marc:datafield>
          <marc:datafield tag="046" ind1=" " ind2=" ">
            <marc:subfield code="k">1903-03-04</marc:subfield>
            <marc:subfield code="k">04.03.1903</marc:subfield>
          </marc:datafield>
          <marc:datafield tag="260" ind1=" " ind2=" ">
            <marc:subfield code="g">1903-03-04</marc:subfield>
            <marc:subfield code="g">04.03.1903</marc:subfield>
          </marc:datafield>
          <marc:datafield tag="520" ind1=" " ind2=" ">
            <marc:subfield code="a">Zeichnung - koloriert
Herstellungsort - Königshütte, (Bad) Lauterberg

Auftraggeber und Standort – keine Angaben	
                                       → vermutliche Modellzeichnung

Anmerkung zum Objekt:
Ein Vollgatter, auch Vertikalgatter, schneidet einen Rundholzstamm vertikal mit Gattersägen auf zu Model- oder Schnittware. Vollgatter, auch Vertikalgatter werden am häufigsten verwendet.
Die Vollgatter... werden nach der Zahl und der Anordnung der eingespannten Sägeblätter eingeteilt in:
Mittel- oder Blockgatter mit einem Sägeblatt; zufoge ihres geringen Kraftbedarfes wurden sie in den ländlichen mit Wasserrädern betriebenen Sägemühlen verwendet.
Die Saum- oder Schwartengatter mit zwei Sägeblättern werden verwendet, um dem Stamm an zwei gegenüberliegenden Stellen segmentförmige Stücke, die sogenannten Schwartlinge, abzutrennen. Hierauf wird der Klotz (Model) um 90° gedreht, wodurch er eine flache Auflage erhält und so durch die Bund - oder Vollgatter geführt werden kann. Schon nach dem einmaliegen Durchlaufen wird der Stamm in gleich breite Bretter zerlegt, wodurch ein späteres Säumen erübrigt wird.
Voll- oder Bundgatter mit 3 bis 20 und auch mehr Sägeblättern zerlegen einen Stamm beim einmaligem Durchgehen in Bretter. 
siehe:
Vollgatter / Vertikalgatter | Holzwurm-page, Holz mit Know How
www.holzwurm-page.de › Holztechnik › Sägewerk › Gattersäge

 (Förderkreis Königshütte Bad Lauterberg e.V.)

Maßstab: 1 zu 10</marc:subfield>
          </marc:datafield>
          <marc:datafield tag="650" ind1="1" ind2=" ">
            <marc:subfield code="a">Holzverarbeitung</marc:subfield>
          </marc:datafield>
          <marc:datafield tag="650" ind1="1" ind2=" ">
            <marc:subfield code="a">Grafik, Fotografie &gt; Zeichnung</marc:subfield>
          </marc:datafield>
          <marc:datafield tag="650" ind1="1" ind2=" ">
            <marc:subfield code="a">Handwerk</marc:subfield>
          </marc:datafield>
          <marc:datafield tag="773" ind1="0" ind2=" ">
            <marc:subfield code="t">Maschinen</marc:subfield>
          </marc:datafield>
          <marc:datafield tag="852" ind1=" " ind2=" ">
            <marc:subfield code="a">Industriedenkmal Königshütte Bad Lauterberg im Harz</marc:subfield>
          </marc:datafield>
          <marc:datafield tag="" ind1=" " ind2=" ">
            <marc:subfield code="a">Namensnennung - Nicht kommerziell - Keine Bearbeitungen 4.0 International (CC BY-NC-ND 4.0)</marc:subfield>
          </marc:datafield>
        </marc:record>
      </metadata>
    </record>
  </GetRecord>
</OAI-PMH>
